[Event "Andorra open"]
[Site "Escaldes"]
[Date "2022.07.31"]
[Round "9.9"]
[White "Vestby-Ellingsen, Mads"]
[Black "Holm, Kristian Stuvik"]
[Result "0-1"]
[WhiteElo "2351"]
[BlackElo "2463"]
[PlyCount "61"]
[EventDate "2022.07.24"]
[EventCountry "AND"]

{[%evp 0,102,19,38,46,40,90,71,71,68,60,52,45,41,35,35,49,36,29,29,30,-15,-14,
-24,-2,3,3,11,-8,0,24,-7,-7,-9,-4,-1,-10,22,51,-33,-31,-37,-35,-66,-12,-41,-31,
-35,-37,-51,-49,-28,-92,-130,-125,-118,-120,-188,-190,-198,-206,-210,-202,-211,
-216,-209,-215,-220,-202,-240,-237,-267,-238,-235,-245,-271,-280,-285,-231,
-263,-269,-290,-307,-312,-280,-280,-329,-312,-341,-455,-451,-670,-974,-1071,
-1064,-1210,-460,-466,-506,-541,-541,-631,-946,-1242,-1014]} 1. d4 e6 2. c4 Nf6
3. Nc3 Bb4 4. e3 O-O 5. Bd3 d5 6. cxd5 exd5 7. a3 Bd6 8. Qc2 a6 9. Nge2 Re8 10.
h3 h6 11. O-O c6 12. Nf4 Nbd7 13. Bd2 Nf8 14. b4 Bc7 15. Bf5 Bxf4 16. Bxc8 Rxc8
17. exf4 Ne4 18. Rfe1 Nxc3 19. Qxc3 Qf6 20. g3 Nd7 21. Qd3 Nb6 22. f5 Nc4 23.
Bf4 Re7 24. Rxe7 Qxe7 25. f3 a5 26. bxa5 Nxa5 27. Kf2 Nc4 28. a4 Qb4 29. Qe2
Ra8 30. Rd1 Rxa4 31. Qd3 0-1

[Event "Andorra open"]
[Site "Escaldes"]
[Date "2022.07.31"]
[Round "9.10"]
[White "Gatineau, Yovann"]
[Black "Girel, Joseph"]
[Result "1/2-1/2"]
[WhiteElo "2368"]
[BlackElo "2414"]
[PlyCount "64"]
[EventDate "2022.07.24"]
[EventCountry "AND"]

1. e4 e5 2. Nf3 Nc6 3. Bc4 Bc5 4. d3 Nf6 5. O-O O-O 6. c3 d5 7. exd5 Nxd5 8. a4
a5 9. Nbd2 Bg4 10. h3 Bh5 11. Ne4 Bb6 12. Ng3 Bg6 13. Qb3 Nde7 14. Qb5 Qd6 15.
Re1 Rad8 16. Ne4 Bxe4 17. Rxe4 Nd5 18. Bg5 f6 19. Be3 Bxe3 20. Rxe3 Kh8 21.
Ree1 Nb6 22. Rad1 Nxc4 23. Qxc4 Qd5 24. Qb5 b6 25. d4 exd4 26. Nxd4 Nxd4 27.
Rxd4 Qxb5 28. axb5 Rxd4 29. cxd4 Rd8 30. Re7 h6 31. Rxc7 Rd5 32. f3 Rxb5
1/2-1/2

[Event "Andorra open"]
[Site "Escaldes"]
[Date "2022.07.31"]
[Round "9.11"]
[White "Defromont, Benjamin"]
[Black "Katz, Alexander"]
[Result "1-0"]
[WhiteElo "2268"]
[BlackElo "2402"]
[PlyCount "69"]
[EventDate "2022.07.24"]
[EventCountry "AND"]

1. e4 e5 2. Nf3 Nc6 3. Bb5 a6 4. Ba4 Nf6 5. O-O b5 6. Bb3 Bc5 7. a4 Rb8 8. axb5
axb5 9. Nxe5 Nxe5 10. d4 Bxd4 11. Qxd4 d6 12. f4 Nc6 13. Qc3 Bb7 14. e5 Ne4 15.
Qe3 Ne7 16. Nd2 Nxd2 17. Bxd2 O-O 18. f5 dxe5 19. f6 gxf6 20. Bb4 Re8 21. Rxf6
Qd4 22. Qxd4 exd4 23. Bxf7+ Kg7 24. Rf2 Rf8 25. Raf1 Bd5 26. Bxd5 Rxf2 27. Bxe7
Rxf1+ 28. Kxf1 Kh6 29. b4 c6 30. Bf3 Ra8 31. Bc5 Ra2 32. Be4 Rb2 33. Ke2 Rb1
34. Bxc6 Rc1 35. Kd2 1-0

[Event "Andorra open"]
[Site "Escaldes"]
[Date "2022.07.31"]
[Round "9.12"]
[White "Domene Mulyukov, Alexander"]
[Black "Almagro Llamas, Pablo"]
[Result "0-1"]
[WhiteElo "2251"]
[BlackElo "2394"]
[PlyCount "102"]
[EventDate "2022.07.24"]
[EventCountry "AND"]

{[%evp 0,10,19,38,46,40,86,62,58,58,81,52,39]} 1. e4 c5 2. Nf3 d6 3. d4 cxd4 4.
Qxd4 a6 5. Be2 Nc6 6. Qe3 Nf6 7. O-O g6 8. h3 Bg7 9. Rd1 Nd7 10. c4 O-O 11. Qa3
Qa5 12. Qxa5 Nxa5 13. Nc3 Bxc3 14. bxc3 f6 15. Bh6 Re8 16. Be3 Nc5 17. e5 Ne4
18. Bd3 Nxc3 19. Rdc1 Na4 20. exd6 exd6 21. Bf4 Rd8 22. h4 Be6 23. Nd4 Bf7 24.
Be2 Rac8 25. Rab1 d5 26. cxd5 Nc3 27. Rb2 Rxd5 28. Nf3 Nxe2+ 29. Rxe2 Rxc1+ 30.
Bxc1 Rd1+ 31. Re1 Rxe1+ 32. Nxe1 Bxa2 33. Nd3 Bd5 34. g4 Kf7 35. g5 fxg5 36.
hxg5 Nc4 37. Kh2 Ke6 38. Kg3 Kf5 39. Nb4 Ke4 40. f3+ Kd4 41. Nc2+ Kc3 42. Ne3
Nxe3 43. Bxe3 a5 44. Kf2 a4 45. Bc5 b5 46. Ke2 b4 47. Kd1 Bxf3+ 48. Kc1 Be4 49.
Be7 a3 50. Bd6 Kb3 51. Be5 Ka4 0-1

[Event "Andorra open"]
[Site "Escaldes"]
[Date "2022.07.31"]
[Round "9.13"]
[White "Laurent-Paoli, Pierre"]
[Black "Torres Rosas, Luis Carlos"]
[Result "1-0"]
[WhiteElo "2481"]
[BlackElo "2323"]
[PlyCount "36"]
[EventDate "2022.07.24"]
[EventCountry "AND"]

{[%evp 0,36,25,25,23,4,4,4,6,6,22,-5,3,-2,32,32,38,26,21,18,12,0,0,0,18,3,20,
20,50,26,38,50,24,17,33,55,62,62,53]} 1. d4 Nf6 2. c4 e6 3. Nc3 d5 4. Nf3 Be7
5. g3 O-O 6. Bg2 c6 7. O-O a5 8. Ne5 Nfd7 9. f4 Nxe5 10. dxe5 b5 11. cxb5 cxb5
12. Be3 Bd7 13. Rc1 Ra6 14. Bf2 b4 15. Na4 Bb5 16. Nc5 Rc6 17. Qd2 Qc7 18. Nb3
Rc8 {Resto ilegible} 1-0

[Event "Andorra open"]
[Site "Escaldes"]
[Date "2022.07.31"]
[Round "9.14"]
[White "Porras Mateo, Felipe"]
[Black "Adla, Diego"]
[Result "1-0"]
[WhiteElo "2340"]
[BlackElo "2407"]
[PlyCount "55"]
[EventDate "2022.07.24"]
[EventCountry "AND"]

1. d4 Nf6 2. c4 e6 3. Nc3 Bb4 4. Qc2 O-O 5. Nf3 d6 6. a3 Bxc3+ 7. Qxc3 b6 8. g3
Bb7 9. Bg2 Nbd7 10. O-O Qe7 11. b4 Ne4 12. Qc2 f5 13. Bb2 c5 14. dxc5 bxc5 15.
Rfd1 Nb6 16. b5 Rfd8 17. a4 a5 18. Nd2 d5 19. Nxe4 fxe4 20. Ba3 Rdc8 21. Rdc1
e3 22. cxd5 exf2+ 23. Kxf2 Bxd5 24. e4 Bc4 25. Kg1 e5 26. Qf2 Rc7 27. Rxc4 Nxc4
28. Qa2 1-0

[Event "Andorra open"]
[Site "Escaldes"]
[Date "2022.07.31"]
[Round "9.15"]
[White "Karthik, Rajaa"]
[Black "Jolly, Jean-Francois"]
[Result "1/2-1/2"]
[WhiteElo "2331"]
[BlackElo "2388"]
[PlyCount "70"]
[EventDate "2022.07.24"]
[EventCountry "AND"]

1. Nf3 Nf6 2. c4 e6 3. d4 d5 4. Nc3 Bb4 5. Qa4+ Nc6 6. e3 O-O 7. Bd2 a6 8. a3
Bd6 9. Qc2 Re8 10. Rd1 b6 11. Bd3 Bb7 12. O-O Na5 13. c5 Bf8 14. e4 dxe4 15.
Nxe4 Nxe4 16. Bxe4 Bxe4 17. Qxe4 Nc4 18. Bf4 Nxb2 19. Rc1 b5 20. Ng5 g6 21. Rc3
Bg7 22. Bc1 Nc4 23. Rd1 Qd5 24. Qh4 h6 25. Ne4 g5 26. Bxg5 hxg5 27. Nxg5 f6 28.
Ne4 Rf8 29. Rg3 Kf7 30. Rdd3 Rg8 31. Rdf3 f5 32. Ng5+ Ke7 33. Nh7+ Kf7 34. Qh5+
Ke7 35. Qh4+ Kf7 1/2-1/2

[Event "Andorra open"]
[Site "Escaldes"]
[Date "2022.07.31"]
[Round "9.16"]
[White "Alonso Garcia, Aaron"]
[Black "Berkovich, Mark A"]
[Result "1-0"]
[WhiteElo "2374"]
[BlackElo "2324"]
[PlyCount "59"]
[EventDate "2022.07.24"]
[EventCountry "AND"]

1. e4 c6 2. d4 d5 3. e5 c5 4. dxc5 Nc6 5. f4 Nh6 6. Nf3 Bg4 7. Bd3 e6 8. Be3 d4
9. Bf2 Bxc5 10. h3 Bf5 11. g4 Bxd3 12. Qxd3 Qd5 13. a3 O-O-O 14. c4 Qd7 15.
Nbd2 f6 16. b4 Be7 17. b5 Na5 18. Qxd4 b6 19. exf6 gxf6 20. Qxd7+ Rxd7 21. Ke2
Nf7 22. Rhc1 Nb7 23. Nb3 Rc7 24. a4 Bb4 25. Ne1 Bxe1 26. Kxe1 h5 27. c5 Nxc5
28. Nxc5 bxc5 29. Bxc5 hxg4 30. hxg4 1-0

[Event "Andorra open"]
[Site "Escaldes"]
[Date "2022.07.31"]
[Round "9.17"]
[White "Prado Lobo, Jonas"]
[Black "Ajay Krishna, S."]
[Result "0-1"]
[WhiteElo "2296"]
[BlackElo "2372"]
[PlyCount "126"]
[EventDate "2022.07.24"]
[EventCountry "AND"]

{[%evp 0,59,19,31,23,-10,0,4,30,15,7,13,13,32,28,22,31,32,30,15,43,32,25,22,37,
16,26,26,21,22,21,6,25,18,25,-5,19,22,25,20,30,33,26,25,39,24,23,23,44,0,0,0,7,
-97,24,-168,-147,-205,-58,-135,-144,-144]} 1. d4 d5 2. c4 e6 3. Nc3 c6 4. cxd5
exd5 5. Bf4 Bf5 6. e3 Nd7 7. Bd3 Bxd3 8. Qxd3 Ngf6 9. Nf3 Be7 10. h3 O-O 11.
O-O Re8 12. Rab1 Nb6 13. Ne5 Bd6 14. Rfc1 Qe7 15. Qf5 g6 16. Qg5 Qe6 17. Nd3
Be7 18. Qe5 Qd7 19. Qc7 Rec8 20. Qxd7 Nfxd7 21. b3 f6 22. Na4 Nxa4 23. bxa4 b6
24. Nb4 Bxb4 25. Rxb4 Kf7 26. f3 f5 27. e4 fxe4 28. fxe4 Nf6 29. exd5 Nxd5 30.
Rb3 Ke6 31. Bd2 Kd7 32. a5 Rf8 33. Re1 Rae8 34. Rxe8 Rxe8 35. axb6 axb6 36. Ra3
Re2 37. Ra7+ Ke6 38. Bh6 Kf5 39. Rxh7 Rxa2 40. Rf7+ Ke6 41. Rf2 Ra1+ 42. Rf1
Rxf1+ 43. Kxf1 Kf5 44. g4+ Ke4 45. Kf2 b5 46. h4 b4 47. Bc1 Nf6 48. Kg3 Kd3 49.
d5 cxd5 50. Kf4 Kc2 51. Be3 b3 52. Bd4 Nxg4 53. Kxg4 b2 54. Bxb2 Kxb2 55. Kg5
d4 56. Kxg6 d3 57. h5 d2 58. h6 d1=Q 59. Kg7 Qg4+ 60. Kh8 Qd4+ 61. Kh7 Qd7+ 62.
Kh8 Qd8+ 63. Kg7 Qg5+ 0-1

[Event "Andorra open"]
[Site "Escaldes"]
[Date "2022.07.31"]
[Round "9.18"]
[White "Vehi Bach, Victor Manuel"]
[Black "Bilych, Olexiy"]
[Result "0-1"]
[WhiteElo "2290"]
[BlackElo "2365"]
[PlyCount "74"]
[EventDate "2022.07.24"]
[EventCountry "AND"]

1. e4 c5 2. Nf3 e6 3. d4 cxd4 4. Nxd4 Nf6 5. Nc3 Nc6 6. Ndb5 Bb4 7. a3 Bxc3+ 8.
Nxc3 d5 9. exd5 exd5 10. Bd3 O-O 11. O-O d4 12. Ne2 Bg4 13. f3 Bh5 14. Nf4 Bg6
15. Nxg6 hxg6 16. f4 Qb6 17. Qf3 Rfe8 18. b4 Ne7 19. Bd2 Nf5 20. Rfe1 Rac8 21.
a4 Ne3 22. a5 Qd6 23. Qxb7 Qxf4 24. g3 Qd6 25. Bxe3 dxe3 26. Qxa7 Qxb4 27. Rxe3
Rxe3 28. Qxe3 Ng4 29. Qf4 Qc5+ 30. Kh1 Nf2+ 31. Kg2 Nxd3 32. cxd3 Qd5+ 33. Qe4
Rc2+ 34. Kg1 Qh5 35. h4 f5 36. Qd5+ Kh7 37. Re1 Qg4 0-1

[Event "Andorra open"]
[Site "Escaldes"]
[Date "2022.07.31"]
[Round "9.19"]
[White "Macak, Stefan"]
[Black "Aaron, Deepak"]
[Result "0-1"]
[WhiteElo "2363"]
[BlackElo "2221"]
[PlyCount "52"]
[EventDate "2022.07.24"]
[EventCountry "AND"]

1. e4 e6 2. d4 d5 3. Nc3 Nf6 4. e5 Nfd7 5. f4 c5 6. Nf3 Nc6 7. Be3 Be7 8. Qd2
O-O 9. dxc5 Qa5 10. O-O-O b6 11. Bb5 Nb4 12. a3 bxc5 13. Bxd7 Bxd7 14. axb4
cxb4 15. Nb1 Rfc8 16. Nd4 Qa1 17. Qd3 a5 18. b3 Rc3 19. Qe2 Rac8 20. Kd2 Rxc2+
21. Nxc2 Rxc2+ 22. Ke1 Rxe2+ 23. Kxe2 Qb2+ 24. Nd2 d4 25. Bf2 Bb5+ 26. Kf3 Qc3+
0-1

[Event "Andorra open"]
[Site "Escaldes"]
[Date "2022.07.31"]
[Round "9.20"]
[White "Narciso Dublan, Marc"]
[Black "Arpan, Das (Jr)"]
[Result "1-0"]
[WhiteElo "2461"]
[BlackElo "2178"]
[PlyCount "89"]
[EventDate "2022.07.24"]
[EventCountry "AND"]

1. d4 d5 2. Bf4 e6 3. e3 Nf6 4. Nd2 c5 5. Ngf3 Nc6 6. c3 Bd6 7. Bg3 O-O 8. Bb5
a6 9. Bxc6 bxc6 10. Qa4 cxd4 11. cxd4 Bxg3 12. hxg3 a5 13. Nb3 Ba6 14. Nc5 Bb5
15. Qc2 a4 16. O-O-O g6 17. Ne5 Kg7 18. g4 Rh8 19. Rh3 Qe7 20. Rdh1 h6 21. g5
hxg5 22. Rxh8 Rxh8 23. Rxh8 Kxh8 24. Nxa4 Nd7 25. Nxd7 Qxd7 26. Nc5 Qa7 27. b3
Bf1 28. g3 Qa5 29. Kb2 Qe1 30. a4 Kg7 31. g4 Be2 32. a5 Bxg4 33. a6 Bf5 34. Qc1
Qxf2+ 35. Ka3 Qh2 36. a7 Qh8 37. Nd7 Qa8 38. Qc5 g4 39. Qf8+ Qxf8+ 40. Nxf8 g3
41. a8=Q g2 42. Nd7 Kh6 43. Qh8+ Kg5 44. Qh2 Be4 45. Qf4+ 1-0